[Event "Pinneberg op Seniors 15th"]
[Site "Pinneberg"]
[Date "2014.??.??"]
[Round "1"]
[White "Stubbe, Werner"]
[Black "Lubisch, Gerwalt"]
[Result "1-0"]
[WhiteElo "1932"]
[BlackElo "1665"]
[PlyCount "69"]
[EventDate "2014.07.03"]
[EventType "swiss"]
[EventRounds "7"]
[EventCountry "GER"]
[SourceTitle "EXT 2017"]
[Source "ChessBase"]
[SourceDate "2016.10.25"]
[SourceVersion "1"]
[SourceVersionDate "2016.10.25"]
[SourceQuality "1"]

1. e4 e5 2. Nf3 Nc6 3. Bc4 Nf6 4. d3 Bc5 5. 0-0 0-0 6. Bg5 Be7 7. a3 d6 8. Nbd2 a6 9. Qe1 h6 10. Bh4 Nh5 11. Bg3 Nxg3 12. hxg3 Na5 13. Ba2 c5 14. b4 Nc6 15. bxc5 dxc5 16. Nc4 Bf6 17. Qd2 Nd4 18. c3 Nxf3+ 19. gxf3 b5 20. Ne3 c4 21. Nd5 Bg5 22. f4 exf4 23. gxf4 Be7 24. dxc4 Bxa3 25. Qe3 Rb8 26. cxb5 axb5 27. Rfd1 Qh4 28. Rd3 b4 29. cxb4 Bxb4 30. Qd4 Ba5 31. Rg3 Bg4 32. Kg2 f5 33. Rh1 Qd8 34. exf5 Kh8 35. Rxh6+ 1-0

[Event "Pinneberg op Seniors 15th"]
[Site "Pinneberg"]
[Date "2014.??.??"]
[Round "5"]
[White "Wendel, Melchior"]
[Black "Lubisch, Gerwalt"]
[Result "1-0"]
[WhiteElo "1115"]
[BlackElo "1418"]
[PlyCount "70"]
[EventDate "2014.07.03"]
[EventType "swiss"]
[EventRounds "7"]
[EventCountry "GER"]
[SourceTitle "EXT 2017"]
[Source "ChessBase"]
[SourceDate "2016.10.25"]
[SourceVersion "1"]
[SourceVersionDate "2016.10.25"]
[SourceQuality "1"]

1. d4 d5 2. c4 e5 3. c5 Nc6 4. e3 e4 5. Bb5 Bd7 6. a4 Nf6 7. h3 b6 8. b4 Ne7 9. Bxd7+ Kxd7 10. Ne2 Nc6 11. Bd2 Nh5 12. Nf4 Nxf4 13. exf4 Nxd4 14. Be3 Nf5 15. Qxd5+ Nd6 16. cxd6 Bxd6 17. 0-0 Qe7 18. Qf5+ Kd8 19. Qd5 Rb8 20. Nc3 Re8 21. Nb5 Qd7 22. Nxd6 cxd6 23. Rad1 Re6 24. f5 Rf6 25. Bg5 Ke8 26. Bxf6 gxf6 27. Qxd6 Qxd6 28. Rxd6 Ke7 29. Rd4 Rc8 30. Rxe4+ Kd6 31. Rd1+ Kc6 32. Rc1+ Kb7 33. Rxc8 Kxc8 34. Re7 b5 35. axb5 Kd8 1-0

[Event "Hamburg Seniors-ch 20th"]
[Site "Hamburg"]
[Date "2013.11.04"]
[Round "6"]
[White "Lubisch, Gerwalt"]
[Black "Roepke, Karl Peter"]
[Result "1-0"]
[WhiteElo "1350"]
[BlackElo "1233"]
[PlyCount "63"]
[EventDate "2013.10.30"]
[EventType "swiss"]
[EventRounds "9"]
[EventCountry "GER"]
[SourceTitle "EXT 2015"]
[Source "ChessBase"]
[SourceDate "2014.11.20"]
[SourceVersion "1"]
[SourceVersionDate "2014.11.20"]
[SourceQuality "1"]

1. e4 e5 2. f4 d6 3. Nf3 Nf6 4. Nc3 Nc6 5. Bc4 Na5 6. Be2 Nc6 7. 0-0 Be7 8. Bb5 Bd7 9. fxe5 Nxe5 10. Bxd7+ Qxd7 11. d3 h6 12. Bf4 Ng6 13. Bg3 Ng4 14. Qe2 N4e5 15. Nd4 Qg4 16. Qf2 c6 17. Nf5 0-0 18. d4 Nd7 19. Rae1 f6 20. h3 Qh5 21. Ne2 Rfe8 22. Qe3 Qg5 23. Nf4 Nxf4 24. Rxf4 h5 25. Qf3 Qg6 26. Rh4 Qf7 27. Rxh5 Bf8 28. Qg4 g6 29. Rh6 g5 30. h4 Be7 31. Bxd6 Qe6 32. Qh5 1-0

[Event "Pinneberg op Seniors 13th"]
[Site "Pinneberg"]
[Date "2012.06.21"]
[Round "1"]
[White "Riedel, Siegfried"]
[Black "Lubisch, Gerwalt"]
[Result "1/2-1/2"]
[WhiteElo "1565"]
[BlackElo "1271"]
[PlyCount "72"]
[EventDate "2012.06.21"]
[EventType "swiss"]
[EventRounds "7"]
[EventCountry "GER"]
[SourceTitle "EXT 2013"]
[Source "ChessBase"]
[SourceDate "2012.11.22"]
[SourceVersion "1"]
[SourceVersionDate "2012.11.22"]
[SourceQuality "1"]

1. g3 d5 2. Bg2 c6 3. d3 Bg4 4. Nd2 e6 5. h3 Bh5 6. b3 Nf6 7. Bb2 Bb4 8. a3 Bd6 9. g4 Bg6 10. e3 h6 11. Ne2 Nbd7 12. d4 0-0 13. c4 b6 14. b4 c5 15. cxd5 exd5 16. dxc5 bxc5 17. bxc5 Nxc5 18. 0-0 Rc8 19. f4 Qe7 20. Bd4 Nfe4 21. Nf3 Bb8 22. Qe1 Nb3 23. Qb1 Nxa1 24. Qxa1 f6 25. Nh4 Bf7 26. f5 Nd2 27. Rd1 Nb3 28. Qa2 Nxd4 29. exd4 Rc4 30. Ng6 Qe3+ 31. Kh1 Re8 32. Ng1 Qg3 33. Bf1 Rc3 34. a4 Rec8 35. Ne7+ Kf8 36. Nxc8 Rxc8 1/2-1/2

[Event "Hamburg-ch Seniors 18th"]
[Site "Hamburg"]
[Date "2011.11.03"]
[Round "6"]
[White "Lubisch, Gerwalt"]
[Black "Horstmann, Axel"]
[Result "1/2-1/2"]
[WhiteElo "1712"]
[BlackElo "1809"]
[PlyCount "78"]
[EventDate "2011.10.29"]
[EventType "swiss"]
[EventRounds "9"]
[EventCountry "GER"]
[SourceTitle "EXT 2015"]
[Source "ChessBase"]
[SourceDate "2014.11.20"]
[SourceVersion "1"]
[SourceVersionDate "2014.11.20"]
[SourceQuality "1"]

1. e4 c5 2. f4 d5 3. exd5 Qxd5 4. Nc3 Qd8 5. Bc4 Nf6 6. d3 Nc6 7. Nf3 Bg4 8. 0-0 Nd4 9. Ne4 Nxe4 10. dxe4 Bxf3 11. gxf3 Nxf3+ 12. Kh1 Nd4 13. Qh5 e6 14. c3 Nc6 15. Be3 b6 16. Bxe6 g6 17. Qd5 fxe6 18. Qxc6+ Kf7 19. Rad1 Qe8 20. Qb7+ Be7 21. Rd2 Qb5 22. Rfd1 Rhb8 23. Qc7 Rc8 24. Qe5 Rd8 25. f5 exf5 26. exf5 Rxd2 27. Bxd2 Qc6+ 28. Kg1 gxf5 29. Qxf5+ Kg8 30. Bf4 Qg6+ 31. Qxg6+ hxg6 32. Rd7 Kf8 33. Rb7 Bd8 34. Be5 a6 35. Kg2 Rc8 36. Bd6+ Kg8 37. Rd7 b5 38. a3 Bg5 39. Be5 Rc6 1/2-1/2

[Event "Hamburg-ch Seniors 18th"]
[Site "Hamburg"]
[Date "2011.11.02"]
[Round "5"]
[White "Kock, Rudolf"]
[Black "Lubisch, Gerwalt"]
[Result "0-1"]
[WhiteElo "1736"]
[BlackElo "1712"]
[PlyCount "63"]
[EventDate "2011.10.29"]
[EventType "swiss"]
[EventRounds "9"]
[EventCountry "GER"]
[SourceTitle "EXT 2015"]
[Source "ChessBase"]
[SourceDate "2014.11.20"]
[SourceVersion "1"]
[SourceVersionDate "2014.11.20"]
[SourceQuality "1"]

1. f4 d5 2. Nf3 Nf6 3. b3 g6 4. Bb2 Bg7 5. e3 0-0 6. Be2 c5 7. d3 Nbd7 8. 0-0 Rb8 9. a4 b6 10. Nbd2 Ng4 11. Bxg7 Kxg7 12. Qc1 Nxe3 13. Qb2+ d4 14. Rfe1 Nf6 15. Ne5 Qd6 16. Bf3 Ned5 17. Ndc4 Qc7 18. g3 Bb7 19. h3 Bc8 20. Bg2 Nh5 21. Bxd5 Nxg3 22. Kh2 Nf5 23. Rf1 f6 24. Rae1 fxe5 25. Rxe5 a6 26. Be4 b5 27. axb5 axb5 28. Nd2 Ne3 29. Rf3 Rxf4 30. Rxe7+ Qxe7 31. Rxf4 Qg5 32. Rf2 0-1

[Event "Pinneberg op Seniors 12th"]
[Site "Pinneberg"]
[Date "2011.06.30"]
[Round "3"]
[White "Kock, Rudolf"]
[Black "Lubisch, Gerwalt"]
[Result "1-0"]
[WhiteElo "1521"]
[BlackElo "1372"]
[PlyCount "79"]
[EventDate "2011.06.16"]
[EventType "swiss"]
[EventRounds "7"]
[EventCountry "GER"]
[SourceTitle "EXT 2012"]
[Source "ChessBase"]
[SourceDate "2011.11.24"]
[SourceVersion "1"]
[SourceVersionDate "2011.11.24"]
[SourceQuality "1"]

1. f4 e5 2. fxe5 d6 3. Nf3 g5 4. exd6 Bxd6 5. d4 Nc6 6. Bxg5 f6 7. Bh4 Qe7 8. Bf2 Nh6 9. c3 Ng4 10. Qd3 Nxf2 11. Kxf2 Nd8 12. Nbd2 Ne6 13. Nc4 Nf4 14. Nxd6+ cxd6 15. Qe3 Qxe3+ 16. Kxe3 Nd5+ 17. Kd2 Bf5 18. e3 Nc7 19. Re1 Be4 20. Bd3 f5 21. Bxe4 fxe4 22. Nh4 0-0-0 23. Rhf1 d5 24. Rf7 Rde8 25. Nf5 Re6 26. Rf1 Rg6 27. Ne7+ Kd8 28. Nxg6 hxg6 29. Rf8+ Rxf8 30. Rxf8+ Ke7 31. Rb8 a6 32. Rxb7 Kd7 33. Rb6 g5 34. Rg6 Ne6 35. g4 a5 36. a4 Kd6 37. Rg8 Kc6 38. Rb8 Nc7 39. b4 axb4 40. cxb4 1-0

[Event "Pinneberg op Seniors 12th"]
[Site "Pinneberg"]
[Date "2011.06.22"]
[Round "2"]
[White "Lubisch, Gerwalt"]
[Black "Ramm, Helga"]
[Result "1-0"]
[WhiteElo "1372"]
[BlackElo "900"]
[PlyCount "61"]
[EventDate "2011.06.16"]
[EventType "swiss"]
[EventRounds "7"]
[EventCountry "GER"]
[SourceTitle "EXT 2012"]
[Source "ChessBase"]
[SourceDate "2011.11.24"]
[SourceVersion "1"]
[SourceVersionDate "2011.11.24"]
[SourceQuality "1"]

1. e4 e5 2. f4 Nc6 3. Nf3 Nf6 4. Nc3 d6 5. Bc4 Bg4 6. 0-0 Be7 7. d3 0-0 8. fxe5 Nxe5 9. Bb3 Qd7 10. Qd2 Nxf3+ 11. gxf3 Bh3 12. Rf2 Kh8 13. Ba4 c6 14. Ne2 Nh5 15. Nf4 Nxf4 16. Qxf4 g5 17. Qg3 Rg8 18. Bb3 Rg7 19. Bd2 Rag8 20. Bc3 Qe8 21. Bxg7+ Rxg7 22. Qxh3 Bf6 23. c3 Rg6 24. Kh1 Be5 25. Rg1 Bf4 26. Re2 h6 27. Qf5 Bxh2 28. Kxh2 Kh7 29. Bxf7 Qe7 30. Qxg6+ Kh8 31. Qg8# 1-0

[Event "Pinneberg op Seniors 11th"]
[Site "Pinneberg"]
[Date "2010.06.24"]
[Round "1"]
[White "Lubisch, Gerwalt"]
[Black "Brueckner, Gerhard"]
[Result "0-1"]
[WhiteElo "1418"]
[BlackElo "1759"]
[PlyCount "26"]
[EventDate "2010.06.24"]
[EventType "swiss"]
[EventRounds "7"]
[EventCountry "GER"]
[SourceTitle "EXT 2011"]
[Source "ChessBase"]
[SourceDate "2010.11.26"]
[SourceVersion "1"]
[SourceVersionDate "2010.11.26"]
[SourceQuality "1"]

1. e4 e5 2. f4 exf4 3. Nf3 Be7 4. h4 d5 5. Bd3 Bg4 6. Qe2 Nc6 7. Qf2 d4 8. c3 dxc3 9. Bc2 cxb2 10. Bxb2 Nf6 11. d4 Nb4 12. Ba4+ c6 13. Bb3 Nd3+ 0-1

[Event "Hamburg-ch Seniors op 16th"]
[Site "Hamburg"]
[Date "2009.11.08"]
[Round "9"]
[White "Funke, Hermann"]
[Black "Lubisch, Gerwalt"]
[Result "1-0"]
[WhiteElo "1463"]
[BlackElo "1437"]
[PlyCount "47"]
[EventDate "2009.10.31"]
[EventType "swiss"]
[EventRounds "9"]
[EventCountry "GER"]
[SourceTitle "EXT 2022"]
[Source "ChessBase"]
[SourceDate "2021.10.06"]
[SourceVersion "1"]
[SourceVersionDate "2021.10.06"]
[SourceQuality "1"]

1. e4 e5 2. Nf3 Nc6 3. Bc4 h6 4. 0-0 Bc5 5. b4 Bd4 6. c3 Bb6 7. a4 a5 8. b5 Nb8 9. Nxe5 Qf6 10. d4 d6 11. Bxf7+ Kf8 12. Bxg8 Rxg8 13. Ba3 c5 14. bxc6 bxc6 15. Nc4 Bc7 16. e5 Qg6 17. exd6 Bxd6 18. Bxd6+ Ke8 19. Re1+ Kd8 20. Ne5 Qf6 21. Qb3 Be6 22. Qb6+ Ke8 23. Bxb8 Bd5 24. Ng4+ 1-0

[Event "Hamburg-ch Seniors op 16th"]
[Site "Hamburg"]
[Date "2009.11.07"]
[Round "8"]
[White "Bartlitz, Heinz"]
[Black "Lubisch, Gerwalt"]
[Result "1/2-1/2"]
[WhiteElo "1490"]
[BlackElo "1437"]
[PlyCount "67"]
[EventDate "2009.10.31"]
[EventType "swiss"]
[EventRounds "9"]
[EventCountry "GER"]
[SourceTitle "EXT 2022"]
[Source "ChessBase"]
[SourceDate "2021.10.06"]
[SourceVersion "1"]
[SourceVersionDate "2021.10.06"]
[SourceQuality "1"]

1. e4 e5 2. Nf3 Nc6 3. Bb5 Bc5 4. d3 d6 5. h3 Bd7 6. 0-0 Nf6 7. Qe2 a6 8. Ba4 b5 9. Bb3 0-0 10. Be3 Ba7 11. Bxa7 Rxa7 12. c3 Qc8 13. Kh2 Nh5 14. Nxe5 Nf4 15. Nxc6 Nxe2 16. Ne7+ Kh8 17. Nxc8 Bxc8 18. g3 Be6 19. Re1 Nxg3 20. Kxg3 c5 21. Bxe6 fxe6 22. f4 Raf7 23. Rf1 Rf6 24. Nd2 Rg6+ 25. Kh2 Rh6 26. Rf3 Rhf6 27. f5 e5 28. Rg1 g6 29. Rg5 Kg7 30. h4 Kh6 31. Kg3 a5 32. fxg6 hxg6 33. Rxf6 Rxf6 34. Nf3 1/2-1/2

[Event "Hamburg-ch Seniors op 16th"]
[Site "Hamburg"]
[Date "2009.11.05"]
[Round "6"]
[White "Horstmann, Axel"]
[Black "Lubisch, Gerwalt"]
[Result "1-0"]
[WhiteElo "1533"]
[BlackElo "1437"]
[PlyCount "97"]
[EventDate "2009.10.31"]
[EventType "swiss"]
[EventRounds "9"]
[EventCountry "GER"]
[SourceTitle "EXT 2022"]
[Source "ChessBase"]
[SourceDate "2021.10.06"]
[SourceVersion "1"]
[SourceVersionDate "2021.10.06"]
[SourceQuality "1"]

1. e4 d6 2. d4 Nf6 3. Nc3 g6 4. Nf3 Bg7 5. Be2 c5 6. dxc5 Qa5 7. 0-0 Qxc5 8. h3 0-0 9. Be3 Qb4 10. Rb1 Qa5 11. a3 a6 12. Qd2 Be6 13. Ng5 Bd7 14. Bd3 Nc6 15. f4 e6 16. Qf2 Nh5 17. Bb6 Bd4 18. Bxd4 Nxd4 19. Qxd4 Nxf4 20. Nf3 Qc7 21. Qf6 Nh5 22. Qh4 Qc5+ 23. Kh1 e5 24. Nd5 Be6 25. b4 Qa7 26. g4 Nf4 27. Nf6+ Kg7 28. g5 Nh5 29. Nxh5+ gxh5 30. Qxh5 b5 31. Qh6+ Kh8 32. Nh4 Qe7 33. Nf5 Bxf5 34. Rxf5 Rg8 35. Rf6 Rg6 36. Rxg6 fxg6 37. Rf1 Qg7 38. Qxg7+ Kxg7 39. Rf6 Rd8 40. Kg2 Rd7 41. c4 Rd8 42. cxb5 axb5 43. Bxb5 d5 44. exd5 Rxd5 45. Bc4 Rd2+ 46. Rf2 Rd4 47. Rf7+ Kh8 48. Rf8+ Kg7 49. Rg8# 1-0

[Event "Hamburg-ch Seniors op 16th"]
[Site "Hamburg"]
[Date "2009.11.01"]
[Round "2"]
[White "Werner, Joern"]
[Black "Lubisch, Gerwalt"]
[Result "1-0"]
[WhiteElo "1640"]
[BlackElo "1437"]
[PlyCount "73"]
[EventDate "2009.10.31"]
[EventType "swiss"]
[EventRounds "9"]
[EventCountry "GER"]
[SourceTitle "EXT 2022"]
[Source "ChessBase"]
[SourceDate "2021.10.06"]
[SourceVersion "1"]
[SourceVersionDate "2021.10.06"]
[SourceQuality "1"]

1. e4 e5 2. Nf3 Nc6 3. Bc4 Nf6 4. Ng5 d5 5. exd5 Nxd5 6. Qf3 Be6 7. Nxe6 fxe6 8. Bb5 Be7 9. Qh5+ Kf8 10. Bxc6 bxc6 11. Qxe5 Qd7 12. d4 Bf6 13. Qe4 Kf7 14. 0-0 Rae8 15. f4 Ne7 16. c3 c5 17. Be3 Nf5 18. dxc5 Nxe3 19. Qxe3 e5 20. fxe5 Rxe5 21. Qxe5 Re8 22. Qh5+ Kg8 23. Na3 Re5 24. Qf3 c6 25. Rad1 Qe7 26. Qxc6 Rxc5 27. Qa8+ Kf7 28. Rde1 Re5 29. Rxe5 Qxe5 30. Qxa7+ Kg6 31. Qf2 h6 32. Nc4 Qg5 33. Qc2+ Kf7 34. Kh1 Qd5 35. Qe2 Kg8 36. Re1 Kh8 37. Qe8+ 1-0

[Event "Hamburg-ch Seniors op 15th"]
[Site "Hamburg"]
[Date "2008.11.03"]
[Round "8"]
[White "Lubisch, Gerwalt"]
[Black "Zippert, Georg"]
[Result "0-1"]
[WhiteElo "1488"]
[BlackElo "1727"]
[PlyCount "72"]
[EventDate "2008.10.27"]
[EventType "swiss"]
[EventRounds "9"]
[EventCountry "GER"]
[SourceTitle "EXT 2022"]
[Source "ChessBase"]
[SourceDate "2021.10.06"]
[SourceVersion "1"]
[SourceVersionDate "2021.10.06"]
[SourceQuality "1"]

1. e4 e5 2. f4 Bc5 3. Nf3 d6 4. d4 exd4 5. Nxd4 Nf6 6. Nc3 0-0 7. Be3 Re8 8. Bd3 Ng4 9. Qe2 Nxe3 10. Qxe3 Qf6 11. Nce2 Nc6 12. c3 Bg4 13. Qg3 Nxd4 14. Nxd4 Bd7 15. Nb3 Bb6 16. 0-0-0 a5 17. Nd2 a4 18. Bc2 Bc5 19. Nc4 Be6 20. e5 dxe5 21. fxe5 Qh6+ 22. Nd2 Bxa2 23. Rhf1 Be7 24. Rf4 Bg5 25. Rd4 b5 26. Rd7 Rad8 27. e6 Bxe6 28. Rxd8 Rxd8 29. Qe1 Bg4 30. Kb1 Bxd1 31. Bxd1 Bxd2 32. Qe7 Qd6 33. Qxd6 Rxd6 34. Kc2 c5 35. Be2 b4 36. Bd3 Be3 0-1

[Event "Hamburg-ch Seniors op 15th"]
[Site "Hamburg"]
[Date "2008.10.29"]
[Round "3"]
[White "Lubisch, Gerwalt"]
[Black "Raedisch, Peter"]
[Result "0-1"]
[WhiteElo "1488"]
[BlackElo "1673"]
[PlyCount "100"]
[EventDate "2008.10.27"]
[EventType "swiss"]
[EventRounds "9"]
[EventCountry "GER"]
[SourceTitle "EXT 2022"]
[Source "ChessBase"]
[SourceDate "2021.10.06"]
[SourceVersion "1"]
[SourceVersionDate "2021.10.06"]
[SourceQuality "1"]

1. e4 e5 2. f4 Nc6 3. Nf3 exf4 4. d4 d5 5. e5 Bg4 6. c3 g5 7. Bb5 Qd7 8. Qd3 Bxf3 9. Qxf3 a6 10. Ba4 0-0-0 11. 0-0 Nge7 12. Bc2 h5 13. Nd2 h4 14. h3 Nf5 15. Nb3 Ng3 16. Rf2 Qe6 17. Bxf4 gxf4 18. Qxf4 Kb8 19. Qxf7 Qxf7 20. Rxf7 Bh6 21. Kf2 Rdf8 22. Rxf8+ Rxf8+ 23. Kg1 Be3+ 24. Kh2 Rf2 25. Bd3 Rxb2 26. Nc5 Bd2 27. Na4 Bxc3 28. Nxc3 Rd2 29. Rd1 Rxd1 30. Nxd1 Nxd4 31. Ne3 c6 32. Kg1 Kc7 33. Kf2 Kd7 34. Ng4 Ke6 35. Ke3 c5 36. Kf4 c4 37. Bh7 Kf7 38. Kg5 c3 39. Ne3 Ne4+ 40. Bxe4 dxe4 41. Kf4 c2 42. Nxc2 Nxc2 43. Kxe4 Ke6 44. Kf4 Nd4 45. g4 hxg3 46. Kxg3 Kxe5 47. Kg4 b5 48. h4 b4 49. Kg5 a5 50. h5 Nf5 0-1

[Event "Pinneberg op Seniors 09th"]
[Site "Pinneberg"]
[Date "2008.07.10"]
[Round "4"]
[White "Von Hohenthal, Ludwig"]
[Black "Lubisch, Gerwalt"]
[Result "1/2-1/2"]
[WhiteElo "1394"]
[BlackElo "1514"]
[PlyCount "93"]
[EventDate "2008.06.19"]
[EventType "swiss"]
[EventRounds "5"]
[EventCountry "GER"]
[SourceTitle "EXT 2011"]
[Source "ChessBase"]
[SourceDate "2010.11.26"]
[SourceVersion "1"]
[SourceVersionDate "2010.11.26"]
[SourceQuality "1"]

1. e4 e5 2. Nf3 d6 3. h3 Nf6 4. d3 Be7 5. Be2 0-0 6. Be3 c6 7. 0-0 Nbd7 8. a3 d5 9. exd5 Nxd5 10. Bd2 f5 11. Nh2 N7f6 12. Nc3 e4 13. d4 f4 14. Nxd5 Nxd5 15. c4 f3 16. Bxf3 exf3 17. Nxf3 Nf6 18. Bc3 Be6 19. c5 Nh5 20. Ne5 Nf4 21. Kh2 Bh4 22. Ng4 Bc4 23. Re1 Qd5 24. Rg1 Ne2 25. g3 Nxg1 26. Qxg1 Bg5 27. Re1 Qf7 28. Re5 Bf6 29. Rf5 Bd3 30. Rxf6 gxf6 31. Nh6+ Kh8 32. Nxf7+ Rxf7 33. Qc1 Re8 34. Qd2 Bc4 35. Qf4 Bd5 36. Bd2 Re2 37. Be3 Re1 38. f3 Re2+ 39. Kg1 Rxb2 40. Qb8+ Kg7 41. Qf4 Rb1+ 42. Kh2 Bc4 43. Qg4+ Kh8 44. Bh6 Rb2+ 45. Kg1 Rb1+ 46. Kh2 Rb2+ 47. Kg1 1/2-1/2

[Event "Pinneberg op Seniors 08th"]
[Site "Pinneberg"]
[Date "2007.07.05"]
[Round "3"]
[White "Lubisch, Gerwalt"]
[Black "Trantow, Joerg"]
[Result "1-0"]
[WhiteElo "1507"]
[BlackElo "1200"]
[PlyCount "93"]
[EventDate "2007.06.21"]
[EventType "swiss"]
[EventRounds "5"]
[EventCountry "GER"]
[SourceTitle "EXT 2011"]
[Source "ChessBase"]
[SourceDate "2010.11.26"]
[SourceVersion "1"]
[SourceVersionDate "2010.11.26"]
[SourceQuality "1"]

1. e4 e6 2. f4 d5 3. e5 g6 4. Nf3 h6 5. d4 Nc6 6. a3 Nge7 7. Bd3 Nf5 8. c3 b6 9. Qa4 Bd7 10. Bb5 Nb8 11. Bxd7+ Nxd7 12. g4 Nh4 13. 0-0 c5 14. Kh1 Be7 15. Nxh4 Bxh4 16. f5 Bg5 17. Nd2 0-0 18. Nf3 exf5 19. Nxg5 hxg5 20. gxf5 f6 21. e6 b5 22. Qxb5 Rb8 23. Qe2 Nb6 24. fxg6 Rb7 25. dxc5 Nc8 26. b4 Qe8 27. c4 Ne7 28. cxd5 Qb5 29. Qxb5 Rxb5 30. d6 Nd5 31. Rf5 Rbb8 32. Rxd5 Rfe8 33. e7 Rb7 34. d7 Rxe7 35. d8Q+ Kg7 36. Bb2 Kxg6 37. Qg8+ Rg7 38. Qe6 Rbf7 39. Rf1 Kh5 40. Qh3+ Kg6 41. Qg4 Rh7 42. Bxf6 Rh5 43. Rxg5+ Rxg5 44. Qxg5+ Kh7 45. Qh5+ Kg8 46. Rg1+ Kf8 47. Qh8# 1-0

[Event "Hamburg-ch Seniors op 13th"]
[Site "Hamburg"]
[Date "2006.11.03"]
[Round "8"]
[White "Assmus, Edgar"]
[Black "Lubisch, Gerwalt"]
[Result "1-0"]
[WhiteElo "1707"]
[BlackElo "1507"]
[PlyCount "83"]
[EventDate "2006.10.27"]
[EventType "swiss"]
[EventRounds "9"]
[EventCountry "GER"]
[SourceTitle "EXT 2022"]
[Source "ChessBase"]
[SourceDate "2021.10.06"]
[SourceVersion "1"]
[SourceVersionDate "2021.10.06"]
[SourceQuality "1"]

1. c4 e5 2. Nc3 Nf6 3. g3 Bb4 4. Bg2 Bxc3 5. bxc3 c6 6. Ba3 d6 7. e3 c5 8. Ne2 0-0 9. Qc2 Qc7 10. 0-0 Rd8 11. e4 Be6 12. d3 a6 13. Bc1 Nbd7 14. f4 Bg4 15. h3 Bxe2 16. Qxe2 exf4 17. gxf4 Rab8 18. Be3 b5 19. d4 cxd4 20. Bxd4 Qxc4 21. Qf2 Re8 22. Rae1 b4 23. e5 Nh5 24. Ba7 Rbc8 25. cxb4 Qxb4 26. Bd5 Re7 27. Qf3 g6 28. Rb1 Qd2 29. Rbd1 Qb4 30. a3 Qa5 31. exd6 Ree8 32. Bd4 Kf8 33. f5 Ne5 34. Bxe5 Rxe5 35. d7 Rd8 36. Be4 Qc5+ 37. Kh1 Qe7 38. fxg6 Ng3+ 39. Qxg3 Rxe4 40. gxh7 Qh4 41. Qg8+ Ke7 42. Qxf7# 1-0